[Event "Terre degli Elimi op 7th"]
[Site "Erice"]
[Date "2016.08.02"]
[Round "6"]
[White "Mueller, Maximilian"]
[Black "Rizza, Francesco"]
[Result "1-0"]
[WhiteElo "2281"]
[BlackElo "2028"]
[PlyCount "63"]
[EventDate "2016.07.28"]
[EventType "swiss"]
[EventRounds "9"]
[EventCountry "ITA"]
[SourceTitle "EXT 2017"]
[Source "ChessBase"]
[SourceDate "2016.10.25"]
[SourceVersion "1"]
[SourceVersionDate "2016.10.25"]
[SourceQuality "1"]

1. e4 c5 2. Ne2 d6 3. g3 Nc6 4. Bg2 g6 5. c3 Bg7 6. 0-0 a6 7. h3 e6 8. d4 b6 9. e5 d5 10. c4 Nxd4 11. Nxd4 cxd4 12. Qxd4 Ne7 13. cxd5 exd5 14. Nc3 Be6 15. Bg5 Ra7 16. Rad1 Qb8 17. Bf6 0-0 18. Bxe7 Rxe7 19. f4 Qc8 20. Kh2 b5 21. Rf2 Rc7 22. Nxd5 Bxd5 23. Bxd5 Kh8 24. Bb3 h5 25. f5 Re8 26. f6 Bf8 27. e6 Bc5 28. Qf4 Kh7 29. exf7 Rf8 30. Re2 a5 31. Re5 a4 32. Rxh5+ 1-0

[Event "Terre degli Elimi op 7th"]
[Site "Erice"]
[Date "2016.08.02"]
[Round "7"]
[White "Rizza, Francesco"]
[Black "Castelli, Giovanni J"]
[Result "1/2-1/2"]
[WhiteElo "2028"]
[BlackElo "1958"]
[PlyCount "67"]
[EventDate "2016.07.28"]
[EventType "swiss"]
[EventRounds "9"]
[EventCountry "ITA"]
[SourceTitle "EXT 2017"]
[Source "ChessBase"]
[SourceDate "2016.10.25"]
[SourceVersion "1"]
[SourceVersionDate "2016.10.25"]
[SourceQuality "1"]

1. d4 d5 2. c4 dxc4 3. Nf3 Nf6 4. e3 e6 5. Bxc4 a6 6. 0-0 c5 7. Nbd2 Nc6 8. dxc5 Bxc5 9. a3 b5 10. Be2 Bb7 11. b4 Bb6 12. Bb2 0-0 13. Rc1 Rc8 14. Qb3 Qe7 15. Ng5 Nb8 16. Bf3 Bxf3 17. gxf3 Nd5 18. Kh1 Qxg5 19. Rxc8 Rxc8 20. Rg1 Qh6 21. Bxg7 Qxg7 22. Ne4 Qxg1+ 23. Kxg1 Rc1+ 24. Kg2 Nd7 25. f4 Rc6 26. f5 N7f6 27. fxe6 Rxe6 28. Ng5 Rc6 29. Nf3 Re6 30. Ng5 Re5 31. h4 h6 32. Nf3 Re6 33. Qd3 Kg7 34. Nd4 1/2-1/2

[Event "Benidorm op U2000 12th"]
[Site "Benidorm"]
[Date "2013.12.06"]
[Round "9"]
[White "Rizza, Francesco"]
[Black "Rincon Carrillo, Ricardo"]
[Result "1/2-1/2"]
[WhiteElo "1998"]
[BlackElo "1966"]
[PlyCount "97"]
[EventDate "2013.11.29"]
[EventType "swiss"]
[EventRounds "10"]
[EventCountry "ESP"]
[SourceTitle "CBM 157 Extra"]
[Source "ChessBase"]
[SourceDate "2013.12.19"]
[SourceVersion "1"]
[SourceVersionDate "2013.12.19"]
[SourceQuality "1"]

1. d4 Nf6 2. c4 g6 3. Nc3 Bg7 4. e4 0-0 5. Nf3 d6 6. Be2 Nbd7 7. 0-0 c6 8. h3 Qc7 9. Be3 e5 10. d5 cxd5 11. cxd5 Nc5 12. Rc1 Qe7 13. Nd2 a5 14. Nb5 Nfd7 15. Qc2 f5 16. f3 b6 17. Nc4 fxe4 18. fxe4 Qh4 19. Nbxd6 Ba6 20. Nxb6 Nxb6 21. Bxc5 Bxe2 22. Qxe2 Nd7 23. Ba3 Bh6 24. Rxf8+ Rxf8 25. Rc7 Qg3 26. Rc3 Qh4 27. b3 Nf6 28. Bc5 Nh5 29. Bf2 Nf4 30. Qe1 Qh5 31. Kh1 Qe2 32. Rf3 Qxa2 33. Nc4 a4 34. bxa4 Qxc4 35. a5 Rb8 36. Bb6 Bf8 37. Kh2 Bb4 38. Qe3 Qc2 39. Rf2 Qd3 40. Rb2 Bxa5 41. Qf2 Bxb6 42. Rxb6 Rxb6 43. Qxb6 Qxe4 44. Qd8+ Kg7 45. Qe7+ Kh6 46. Qf8+ Kg5 47. Qe7+ Kh6 48. Qf8+ Kg5 49. Qe7+ 1/2-1/2

[Event "Benidorm op U2000 12th"]
[Site "Benidorm"]
[Date "2013.12.01"]
[Round "3"]
[White "Rizza, Francesco"]
[Black "Castrillon Otero, Javier"]
[Result "1-0"]
[WhiteElo "1998"]
[BlackElo "1929"]
[PlyCount "157"]
[EventDate "2013.11.29"]
[EventType "swiss"]
[EventRounds "10"]
[EventCountry "ESP"]
[SourceTitle "CBM 157 Extra"]
[Source "ChessBase"]
[SourceDate "2013.12.19"]
[SourceVersion "1"]
[SourceVersionDate "2013.12.19"]
[SourceQuality "1"]

1. Nf3 d5 2. c4 c6 3. d4 Nf6 4. Nc3 a6 5. b3 b5 6. e3 Bg4 7. Qc2 Nbd7 8. Be2 e6 9. Bd2 Bd6 10. e4 b4 11. e5 Bxf3 12. Bxf3 Nxe5 13. dxe5 Bxe5 14. Nxd5 cxd5 15. Rd1 Qd6 16. g3 0-0 17. 0-0 Rab8 18. Rfe1 Nd7 19. cxd5 exd5 20. Bxd5 Qxd5 21. Bxb4 Qe6 22. Bxf8 Nxf8 23. Qc5 Rb5 24. Qe3 Bf6 25. Qa7 Qb6 26. Qa8 Qb7 27. Qe8 Qb8 28. Qc6 Rb6 29. Qe8 g6 30. Rd7 Qxe8 31. Rxe8 Kg7 32. Ra7 Bc3 33. Kg2 Bb4 34. Re4 a5 35. Rf4 Rf6 36. Kf3 Rxf4+ 37. Kxf4 Ne6+ 38. Ke5 Nc5 39. Kd4 Ne6+ 40. Kc4 Be1 41. a4 Kf6 42. Kb5 Nd4+ 43. Kc4 Nc2 44. Kd3 Na3 45. f3 Bb4 46. Rc7 Ke6 47. f4 h5 48. h3 Nb1 49. Rc2 Na3 50. Rc1 Kd5 51. Rc7 Ke6 52. g4 hxg4 53. hxg4 Bd6 54. Ra7 Bb4 55. Ra6+ Ke7 56. Rc6 Nb1 57. Rc2 Na3 58. Rc1 Kd6 59. Ke4 Ke6 60. f5+ gxf5+ 61. gxf5+ Kd6 62. Kd4 f6 63. Ke4 Bc5 64. Rd1+ Kc6 65. Rd8 Nb1 66. Kd3 Bb4 67. Re8 Kd7 68. Re6 Be7 69. Ra6 Bd8 70. Kc2 Na3+ 71. Kb2 Be7 72. Ra7+ Ke8 73. Rxe7+ Kxe7 74. Kxa3 Kd6 75. b4 axb4+ 76. Kxb4 Kd5 77. a5 Kd6 78. Kb5 Kc7 79. Kc4 1-0

[Event "Campobasso op 16th"]
[Site "Campobasso"]
[Date "2009.07.25"]
[Round "4"]
[White "Rizza, Francesco"]
[Black "Laketic, Gojko"]
[Result "0-1"]
[WhiteElo "2030"]
[BlackElo "2463"]
[PlyCount "60"]
[EventDate "2009.07.24"]
[EventType "swiss"]
[EventRounds "6"]
[EventCountry "ITA"]
[SourceTitle "EXT 2012"]
[Source "ChessBase"]
[SourceDate "2011.11.24"]
[SourceVersion "1"]
[SourceVersionDate "2011.11.24"]
[SourceQuality "1"]

1. d4 Nf6 2. Bg5 g6 3. Bxf6 exf6 4. Nc3 f5 5. e3 d5 6. h4 c6 7. Bd3 Qb6 8. Nge2 Qxb2 9. Rb1 Qa3 10. h5 Bg7 11. Kd2 Nd7 12. g4 fxg4 13. hxg6 hxg6 14. Rxh8+ Bxh8 15. Qh1 Bg7 16. Qh7 Qf8 17. Nf4 Nf6 18. Qh2 Qe7 19. a4 a5 20. Rb3 g5 21. Nfe2 Be6 22. Ng3 Qc7 23. Qg1 Bf8 24. Kc1 0-0-0 25. Kb2 Bb4 26. Na2 Bf8 27. Nc3 Ne4 28. Nb5 cxb5 29. Bxe4 dxe4 30. Rc3 Bc4 0-1

[Event "ITA-ch U20"]
[Site "Bratto"]
[Date "2008.08.23"]
[Round "2"]
[White "Rizza, Francesco"]
[Black "Marsili, Riccardo"]
[Result "1/2-1/2"]
[WhiteElo "1924"]
[BlackElo "1817"]
[PlyCount "51"]
[EventDate "2008.08.22"]
[EventType "swiss"]
[EventRounds "9"]
[EventCountry "ITA"]
[SourceTitle "CBM 126 Extra"]
[Source "ChessBase"]
[SourceDate "2008.11.05"]
[SourceVersion "1"]
[SourceVersionDate "2008.11.05"]
[SourceQuality "1"]

1. d4 Nf6 2. c4 c5 3. d5 e5 4. Nc3 d6 5. e4 Be7 6. Bd3 Nbd7 7. Nge2 Nf8 8. f4 exf4 9. Bxf4 Ng6 10. Bg3 Nh5 11. Bf2 Nhf4 12. Nxf4 Nxf4 13. 0-0 Ng6 14. Ne2 0-0 15. Ng3 Bf6 16. Rb1 Ne5 17. b4 Ng4 18. Kh1 b6 19. Bg1 Be5 20. Be2 Qh4 21. Rb3 cxb4 22. Nf5 Bxf5 23. Rxf5 Nf6 24. Rh3 Qxe4 25. Bd3 Qg4 26. Rxf6 1/2-1/2

[Event "Siracusa op 2nd"]
[Site "Siracusa"]
[Date "2007.09.05"]
[Round "5"]
[White "Rizza, Francesco"]
[Black "Norrito, Salvatore"]
[Result "0-1"]
[WhiteElo "1653"]
[BlackElo "1812"]
[PlyCount "70"]
[EventDate "2007.09.02"]
[EventType "swiss"]
[EventRounds "9"]
[EventCountry "ITA"]
[SourceTitle "EXT 2010"]
[Source "ChessBase"]
[SourceDate "2010.11.25"]
[SourceVersion "1"]
[SourceVersionDate "2010.11.25"]
[SourceQuality "1"]

1. d4 d5 2. c4 Nf6 3. cxd5 Qxd5 4. Nc3 Qd8 5. e4 g6 6. f4 Bg7 7. Be2 c6 8. Be3 Nbd7 9. g4 Qa5 10. Qd2 Nb6 11. a3 Bxg4 12. b4 Qh5 13. h3 Bxe2 14. Ngxe2 Nc4 15. Qd3 Nxe3 16. Qxe3 Qh4+ 17. Kf1 0-0-0 18. d5 cxd5 19. e5 d4 20. Nxd4 Nd5 21. Nxd5 Rxd5 22. Nf3 Qg3 23. Rc1+ Kb8 24. Ke2 Qg2+ 25. Qf2 Qxf2+ 26. Kxf2 Rhd8 27. Ng5 Rd4 28. Kg3 Rd3+ 29. Kg4 h5+ 30. Kh4 f6 31. Ne6 Rg8 32. Rhf1 Bh6 33. Rc7 g5+ 34. fxg5 fxg5+ 35. Nxg5 Bxg5+ 0-1

[Event "Siracusa op 2nd"]
[Site "Siracusa"]
[Date "2007.09.03"]
[Round "2"]
[White "Mica, Francesco"]
[Black "Rizza, Francesco"]
[Result "0-1"]
[WhiteElo "1437"]
[BlackElo "1653"]
[PlyCount "72"]
[EventDate "2007.09.02"]
[EventType "swiss"]
[EventRounds "9"]
[EventCountry "ITA"]
[SourceTitle "EXT 2010"]
[Source "ChessBase"]
[SourceDate "2010.11.25"]
[SourceVersion "1"]
[SourceVersionDate "2010.11.25"]
[SourceQuality "1"]

1. e4 c5 2. f4 e6 3. Nf3 Nc6 4. Bc4 a6 5. d3 b5 6. Bb3 g6 7. 0-0 Bg7 8. c3 Nge7 9. Nh4 d5 10. e5 c4 11. Bc2 cxd3 12. Bxd3 Nf5 13. Nxf5 gxf5 14. Be3 Bb7 15. Nd2 Rg8 16. Nf3 Bf8 17. b4 d4 18. cxd4 Bxb4 19. Ng5 h6 20. Nh7 Nxd4 21. Nf6+ Qxf6 22. exf6 Rxg2+ 23. Kh1 Rg3+ 24. Rf3 Bxf3+ 25. Qxf3 Rxf3 26. Bxd4 Rxd3 27. Be5 Rad8 28. Kg2 Rd2+ 29. Kf1 Rd1+ 30. Rxd1 Rxd1+ 31. Ke2 Rd2+ 32. Kf3 Rxa2 33. h3 Bc3 34. Ke3 Bxe5 35. fxe5 Ra3+ 36. Kd4 Rxh3 0-1